000 00863nab a2200265 u 4500
001 14161
003 HDC
007 cr bn ---aaaaa
008 210214c my dr|nes 0 |0may
040 _aHDC
100 _aMOHAMAD FAHD RAHMAT,
_eauthor
_914763
245 0 _aJAJ samak 4 premis /
_cby MOHAMAD FAHD RAHMAT
260 _a[no place] :
_b[publisher not identified],
_c[no year]
336 _atext
_2rdacontent
337 _acomputer
_2rdamedia
338 _aonline resource
_2rdacarrier
650 _aHalal certificate
_9482
650 _aHalal food industry
_9128
650 _aSamak
_914766
710 _aMY METRO
856 _zRequest full-text at [email protected]
942 _2lcc
942 _cNEWS
942 _kNWSO 004429
999 _c11477
_d11477